T04 駅名クイズ - 漢数字で始まる駅 ver. - Statistics

General Stats
  • This quiz has been taken 528 times
    241 since last reset
  • The average score is 107 of 482
Answer Stats
Number Answer % Correct
R07 廿日市
80%
八戸
78%
二戸
77%
JC04 四ツ谷
73%
七戸十和田
72%
三条
70%
B03 | JA14 | K13 十条
70%
一宮
69%
B29 | C14 | K12 九条
67%
T15 二条
66%
一戸
65%
三戸
65%
K09 四条
65%
JT13 二宮
65%
K10 五条
64%
CJ11 四日市
64%
KH37 七条
62%
I04 | KB29 三田
60%
JC22 八王子
59%
P01 三宮
58%
OR15 八日市
58%
JO28 千葉
57%
R06 五日市
56%
JY23 五反田
56%
十日町
56%
A61 三ノ宮
55%
TK01 八幡
55%
一ノ関
54%
ET04 | JA22 八幡
54%
H13 千歳
52%
DT03 三軒茶屋
51%
FJ09 | JH20 十日市場
50%
F9 二俣
50%
Y07 千川
49%
CA02 三島
49%
JO31 四街道
49%
六日町
49%
JB12 千駄ケ谷
48%
JE17 千葉みなと
48%
BS10 二子
48%
CA55 三河安城
48%
JM17 三郷
48%
TX07 六町
48%
E23 六本木
48%
Q30 | ST16 三郷
47%
HK-03 十三
46%
DT07 二子玉川
46%
CA46 三河三谷
46%
M11 四谷三丁目
46%
JE02 | M7 八丁堀
45%
KS60 千葉中央
44%
二本松
44%
SO10 二俣川
44%
八日市場
44%
JC12 三鷹
43%
T11 三条京阪
42%
JH30 八王子みなみ野
42%
千代
41%
CA41 二川
41%
JJ03 三河島
41%
JI12 | TJ41 一本松
40%
D47 | T12 三本松
40%
OT32 四宮
40%
HS12 千葉ニュータウン中央
40%
DT08 二子新地
40%
CA48 三河塩津
40%
L32 三日市
40%
六条
40%
JB08 二日市
39%
KO12 千歳烏山
38%
KS61 千葉寺
38%
TD14 七光台
38%
JN51 八丁畷
38%
CA45 三河大塚
38%
TX09 三郷中央
38%
N05 六本木一丁目
38%
七日町
37%
KO10 八幡山
37%
Z06 九段下
36%
OH12 千歳船橋
36%
TD05 七里
36%
CJ01 八田
36%
JE10 二俣新町
36%
三浦
36%
三川
36%
KS48 四ツ木
36%
Q25 八尾
36%
TX08 八潮
36%
S18 一之江
35%
TS26 一ノ割
35%
KS05 千住大橋
35%
千里
35%
NK68 千代田
35%
KK72 三崎口
35%
SO12 三ツ境
35%
KK19 六郷土手
35%
九重
34%
T14 二条城前
34%
TD29 六実
33%
八街
33%
TS11 五反野
32%
C15 千駄木
32%
KB53 三木
32%
H71 七飯
31%
C10 二重橋前
31%
KK71 三浦海岸
31%
Y14 四ツ橋
31%
KH73 六地蔵
31%
KO28 百草園
31%
五井
30%
OM11 九品仏
30%
JC28 四方津
30%
七尾
30%
CA23 六合
30%
E14 八木
30%
H34 四条畷
29%
10 三河豊田
29%
三沢
29%
KK51 六浦
29%
37 一日市場
28%
M08 千里中央
28%
T20 三沢
28%
X20 三原
28%
四ツ倉
28%
HK-13 六甲
28%
万座・鹿沢口
28%
G08 八本松
27%
八幡平
27%
三河一宮
27%
H20 三ノ輪
27%
三次
27%
KS29 八千代台
27%
OH22 百合ヶ丘
27%
NH20 一ツ木
26%
五日町
26%
K01 三宮・花時計前
26%
NH40 二ツ杁
26%
JC66 二俣尾
26%
MY01 三河知立
26%
IS03 三島田町
26%
IS02 三島広小路
26%
G12 三越前
26%
OE10 六会日大前
26%
E13 | I20 二軒茶屋
25%
16 三河田原
25%
A58 六甲道
25%
E43 | HK-41 三国
24%
IN15 三鷹台
24%
R30 百舌鳥
24%
ST02 一橋学園
23%
KB28 三田本町
23%
A1 四条大宮
23%
二本木
23%
三河大野
23%
MU06 三河高浜
23%
GN14 三河鳥羽
23%
IY04 三津
23%
NK70 三日市町
23%
M33 廿日市市役所前(平良)
23%
JA05 九産大前
22%
五所川原
22%
CA49 三ケ根
22%
千倉
22%
CM04 千葉公園
22%
E09 | NK44-3 八幡前
22%
S32 二股
22%
IS04 三島二日町
22%
TR06 八千代緑が丘
22%
JA26 九州工大前
21%
三河川合
21%
SA01 三ノ輪橋
21%
SL07 五香
20%
EN09 七里ヶ浜
20%
I14 千石
20%
A42 千里丘
20%
JA10 千鳥
20%
G32 十川
20%
二ツ井
20%
SL14 二和向台
20%
三河槙原
20%
MY02 三河八橋
20%
NK57 三国ヶ丘
20%
SL15 三咲
20%
F54 六田
20%
T12 六丁の目
20%
TR07 八千代中央
20%
TT08 万願寺
20%
N11 五橋
19%
D23 五位堂
19%
十王
19%
千本
19%
JA03 千早
19%
KG05 二十軒
19%
D21 二上
19%
二田
19%
三河内
19%
三河東郷
19%
KB52 三木上の丸
19%
三輪
19%
KG07 六軒
19%
OR01 八代
19%
U18 八幡浜
19%
GN20 三河鹿島
18%
JK04 九大学研都市
17%
TB10 五ノ三
17%
NK10 七道
17%
十二橋
17%
KH08 千林
17%
CM15 千城台
17%
八郎潟
17%
07 三河上郷
17%
三ヶ日
17%
B22 三ッ沢上町
17%
B21 三ッ沢下町
17%
T36 八尾南
17%
八川
17%
SL05 八柱
17%
八橋
17%
八幡宿
17%
NK58 百舌鳥八幡
17%
S07 万富
17%
六原
16%
N11 六本松
16%
B40 八木西口
16%
17 | ST05 八坂
16%
E04 一乗寺
15%
一乗谷
15%
NK80 九度山
15%
五泉
15%
OT01 五月台
15%
三瀬
15%
HK-92 千里山
15%
E13 千代川
15%
A09 八戸ノ里
15%
TD09 八木崎
15%
JK11 一貴山
14%
一身田
14%
ID04 五百羅漢
14%
TI51 三枚橋
14%
B10 七軒茶屋
14%
T14 千林大宮
14%
CF03 千種
14%
IK12 千鳥町
14%
G03 八軒
14%
三里
14%
S11 三石
14%
FJ11 三つ峠
14%
三厩
14%
四ツ小屋
14%
L09 八草
14%
KS47 八広
14%
S17 五郎
13%
I10 四十万
13%
十島
13%
sh11 七重浜
13%
H33 二階堂
13%
三角
13%
三谷
13%
Y54 三津浜
13%
E03 六番町
13%
G19 一分
12%
五十川
12%
五百川
12%
十文字
12%
千旦
12%
千厩
12%
KW05 千年
12%
HS46 千鳥橋
12%
NK72 千早口
12%
HS06 千船
12%
E30 千代崎
12%
NK27 二色浜
12%
F19 二上山
12%
F20 二上神社口
12%
二見浦
12%
三重町
12%
KG06 三柿野
12%
T01 八木山動物公園
12%
H54 八雲
12%
八積
12%
八鹿
12%
一条橋
11%
CM14 千城台北
11%
M12 十日市町
11%
十和田南
11%
OT13 三井寺
11%
A07 三ツ屋
11%
四辻
11%
八次
11%
U11 五十崎
10%
M75 五十鈴川
10%
五十猛
10%
九鬼
10%
T26 四天王寺前夕陽ヶ丘
10%
千畳敷
10%
千頭
10%
七井
10%
七塚
10%
A02 七ツ屋
10%
八森
10%
T36 八丁牟田
10%
二俣本町
10%
三日月
10%
E44 三国港
10%
CR37 三峰口
10%
TT03 三好ヶ丘
10%
02 六名
10%
SY37 八家
10%
BE14 八木沢
10%
八木原
10%
八津
10%
万能倉
10%
万石浦
10%
一志
9%
NS08 一の鳥居
9%
H19 一社
9%
五十市
9%
OR13 五箇荘
9%
14 四郷
9%
四十九
9%
十二兼
9%
U17 千丈
9%
N07 七隈
9%
二木島
9%
M02 二軒屋
9%
KB24 二郎
9%
JE03 二島
9%
三井野原
9%
三門
9%
三木里
9%
T19 三国が丘
9%
三瀬谷
9%
三保三隅
9%
KH76 三室戸
9%
B18 三山木
9%
R52 六十谷
9%
六渡寺
9%
八色
9%
T15 八事
9%
Y07 八十場
9%
JC09 九郎原
8%
10 千国
8%
E15 二ノ瀬
8%
NK44-5 二里ヶ浜
8%
二塚
8%
三松
8%
三ツ松
8%
三股
8%
三輪崎
8%
BS02 六輪
8%
E08 八瀬比叡山口
8%
26 八千代町
8%
G07 百合が原
8%
一の渡
7%
一勝地
7%
五十島
7%
五十鈴ヶ丘
7%
M85 五知
7%
T46 五百石
7%
H74 五稜郭
7%
A11 五郎丸
7%
三本松口
7%
三里木
7%
三陸
7%
十二湖
7%
13 | DY14 千歳町
7%
F35 千代ヶ岡
7%
K37 十弗
7%
七和
7%
二月田
7%
T04 二十四軒
7%
L13 八浜
7%
三会
7%
三方
7%
三ヶ山口
7%
B04 三滝
7%
三岡
7%
A06 三口
7%
三野瀬
7%
N02 八乙女
7%
S08 八栗
7%
M19 八事日赤
7%
KC04 八幡新田
7%
13 一畑口
6%
九州鉄道記念館
6%
KB21 五社
6%
三才
6%
TR04 十九条
6%
DY20 十字街
6%
千丁
6%
DY11 千代台
6%
H03 千代県庁口
6%
K24 十勝清水
6%
十村
6%
七久保
6%
二井田
6%
G43 二名
6%
三毛門
6%
T33 三潴
6%
三俣
6%
NK09 三苫
6%
三良坂
6%
K24 六反地
6%
S09 六万寺
6%
T21 八栗口
6%
S11 八栗新道
6%
30 万場
6%
5 一武
5%
五位野
5%
F10 三十八社
5%
千曲
5%
千路
5%
千曳
5%
10 八景島
5%
21 八丁馬場
5%
E42 三国神社
5%
三雲
5%
三妻
5%
E07 三宅八幡
5%
万ケ塚
5%
九頭竜湖
4%
13 九品寺交差点
4%
DY09 五稜郭公園前
4%
三見
4%
千平
4%
千綿
4%
七ヶ岳登山口
4%
2 二本木口
4%
KD11 八景水谷
4%
B21 三加茂
4%
KD15 三ツ石
4%
三関
4%
MR9 三菱自工前
4%
BE03 三好町
4%
八東
4%
八木沢・宮古短大
4%
八頭高校前
4%
八千穂
4%
E29 八ツ島
4%
28 五島町
3%
AK-09 三溝
3%
M9 四所
3%
四郎ケ原
3%
千徳
3%
三代橋
3%
三間坂
3%
一ノ堰六地蔵尊
2%
五農校前
2%
T53 千垣
2%
十府ヶ浦海岸
2%
I12 二中通
2%
S15 八多喜
2%
三縄
2%
三春
2%
CK09 三ヶ森
1%
四季の郷
1%
八代通
1%
No matching quizzes found
Score Distribution
Percent of People with Each Score
Percentile by Number Answered
Your Score History
You have not taken this quiz since the last reset